Statistics for Guess the Language Part 2

Click here to take the quiz!

General Stats

  • This quiz has been taken 25 times
  • The average score is 5 of 6

Answer Stats

HintAnswer% Correct
この国は未来的なライブスタイルで知られていますJapanese
100%
这是世界上最古老的语言之一Chinese
96%
이 나라에는 북쪽과 남쪽이 있다Korean
92%
हिंदी भारत में सबसे ज्यादा बोली जाने वाली भाषा हैHindi
76%
ภาษานี้ดูแปลกมากในความคิดของฉันThai
72%
Энэ нь орос хэлтэй төстэй боловч тийм биш юмMongolian
40%

Score Distribution

Percentile by Number Answered

Percent of People with Each Score

Your Score History

You have not taken this quiz